000 00506cam a22001932 4500
001 0000000997
005 20170406113038.0
008 131122s xx 000 0 eng d
020 _c$
040 _aYour Holding Symbol
_cYour Holding Symbol
100 1 _aMay,Lewis.J.
245 1 0 _aCardinal newman :
_ba study.
250 _a ed.
260 _alondon :
_bThe centenary press,
_c1929.
300 _a263 p. ;
_c cm.
504 _aindex.
650 0 _atheology.
908 _a131122
999 _c916
_d916